000
00221 a2200097 4500
001
13892
100
_a
Anthony E
245
_a
The Persion Price
260
_a
London
_b
Coward Mc Cann & Geoghegon
_c
090
_c
10860
_d
10860
942
_a
NUST-CAE
_c
M
_c
959
999
_c
248965
_d
248965